00937cam a2200229 a 450000100100000000500170001000800410002704000230006808200180009110000770010924500940018626000410028030000210032149000160034250400660035860000470042465000420047183000240051391000340053795201210057199900150069200000729020200929154125.0890721s1988 bo b 001 0bspa  aDO-SdBNPcDLCdDLC a928.84bM843B1 aBarnadas, Josep M.q(Josep Maria Barnadas i Mestres),d1867-1939.92024110aGabriel René Moreno (1836-1908) :bdrama y gloria de un boliviano /cJosep M. Barnadas. aLa Paz, Bolivia :bAltiplano,c1988. a269 p. ;c22 cm.1 aHipótesis aIncluye referencias bibliográficas (p. 251-261) e índice.14aMORENO, GABRIEL RENÉ,d1836-1908.920242 4aHistoriazBoliviaxBiografía920243 0aHipótesis.920244 aCatalogación por copia / LC 001052708MOaGRbGRcCTd2009-09-07iLF1l0o928.84 M843Bp7290-10r2020-06-25w2020-06-25y2ZPréstamo interno c7071d7071